Podział administracyjny Albanii - Statystyki

Ogólne statystyki
  • Ten quiz został rozwiązany 651 razy
  • Średni wynik to 5 z 12
Statystyki odpowiedzi
Obwody % Poprawnych
Obwód Tirana
97%
Obwód Durres
57%
Obwód Szkodra
49%
Obwód Wlora
47%
Obwód Berat
44%
Obwód Kukes
41%
Obwód Fier
38%
Obwód Dibra
36%
Obwód Elbasan
35%
Obwód Korcza
34%
Obwód Gjirokastra
29%
Obwód Lezha
29%
Nie znaleziono quizów pasujących do podanych kryteriów
Rozkład punktacji
Procent ludzi z każdym wynikiem
Percentyl według liczby udzielonych odpowiedzi
Twoja historia wyników
Nie rozwiązałeś tego quizu